literature with names in the title - Statistics

General Stats
  • This quiz has been taken 102 times
  • The average score is 8 of 15
Answer Stats
title type writer year name % Correct
The Curious Case of ________ Button story F. Scott Fitzgerald 1922 Benjamin
95%
_____ and ______ play William Shakespeare 1597 Romeo, Juliet
92%
____ of the D'Urbervilles novel Thomas Hardy 1891 Tess
91%
_______ novel Daphne du Maurier 1938 Rebecca
77%
____ Revere's Ride poem Henry Wadsworth Longfellow 1861 Paul
59%
_____ Gabler play Henrik Ibsen 1891 Hedda
52%
The Master and _________ novel Mikhail Bulgakov 1967 Margarita
50%
Song of _______ novel Toni Morrison 1977 Solomon
49%
_____ Frome novel Edith Wharton 1911 Ethan
48%
_______ novel Virginia Woolf 1928 Orlando
38%
_______ Lee poem Edgar Allan Poe 1849 Annabel
35%
The Immortal Life of _________ Lacks literary nonfiction Rebecca Skloot 2010 Henrietta
23%
Lady _____ novel Jane Austen 1794/1871 Susan
22%
A Rose for _____ story William Faulkner 1930 Emily
16%
The Case of _______ Dexter Ward novel H. P. Lovecraft 1927/1941 Charles
8%
No matching quizzes found
Score Distribution
Percent of People with Each Score
Percentile by Number Answered
Your Score History
You have not taken this quiz